Lý thuyết hạch toán kế toán

Wedi'i Gadw mewn:
Manylion Llyfryddiaeth
Prif Awdur: Nguyễn Thị Đông
Fformat: Llyfr
Iaith:Undetermined
Cyhoeddwyd: Hà Nội Giáo dục 1996
Pynciau:
Tagiau: Ychwanegu Tag
Dim Tagiau, Byddwch y cyntaf i dagio'r cofnod hwn!
Thư viện lưu trữ: Trung tâm Học liệu Trường Đại học Cần Thơ
LEADER 00474nam a2200169Ia 4500
001 CTU_19508
008 210402s9999 xx 000 0 und d
082 |a 657 
082 |b Đ455 
100 |a Nguyễn Thị Đông 
245 0 |a Lý thuyết hạch toán kế toán 
245 0 |c Nguyễn Thị Đông 
260 |a Hà Nội 
260 |b Giáo dục 
260 |c 1996 
650 |a accounting 
980 |a Trung tâm Học liệu Trường Đại học Cần Thơ